000
00332nam a22001457a 4500
008
221107b ||||| |||| 00| 0 eng d
020
_a
9781605477077
041
_a
eng
080
_2
10 EDITION
_a
610.73
082
_a
610.73 ELL
100
_a
8
101
_a
INF
245
_a
NURSING IN TODAY'S WORLD
_c
ELLIS J
942
_2
udc
_c
BK
999
_c
58768
_d
58768